书目信息 |
| 题名: |
数字图像处理
|
|
| 作者: | 冈萨雷斯 著 | |
| 分册: | ||
| 出版信息: | 北京 电子工业出版社 2002.07 |
|
| 页数: | 793页 | |
| 开本: | 26cm | |
| 丛书名: | ||
| 单 册: | ||
| 中图分类: | TN919.8 | |
| 科图分类: | ||
| 主题词: | 数据通信 , 图象通信 | |
| 电子资源: | ||
| ISBN: | 7-5053-7798-1 | |
| 000 | 00601nam0 2200217 45 | |
| 001 | 0457099558 | |
| 005 | 2004092015513933 | |
| 010 | @a7-5053-7798-1@dCNY 69.00 | |
| 100 | @a20040920d2002 km y0chiy0120 ea | |
| 101 | 0 | @achi |
| 102 | @aCN@b110000 | |
| 200 | 1 | @a数字图像处理@AShu Zi Tu Xiang Chu Li@f(美)冈萨雷斯等著@F(Mei)Gang Sa Lei Si Deng Zhu |
| 205 | @a2版 | |
| 210 | @a北京@c电子工业出版社@d2002.07 | |
| 215 | @a793页@d26cm | |
| 606 | 0 | @a数据通信 |
| 606 | 0 | @a图象通信 |
| 690 | @aTN919.8@v3 | |
| 701 | 0 | @a冈萨雷斯@AGang Sa Lei Si@4著 |
| 801 | 0 | @aCN@bPFT@c20040920 |
| 905 | @dTN919.8@eG0821 | |
| 数字图像处理/(美)冈萨雷斯等著.-2版.-北京:电子工业出版社,2002.07 |
| 793页;26cm |
| ISBN 7-5053-7798-1:CNY 69.00 |
| ● |
| 相关链接 |
|
|
|
正题名:数字图像处理
索取号:TN919.8/G0821
 
预约/预借
| 序号 | 登录号 | 条形码 | 馆藏地/架位号 | 状态 | 备注 |
| 1 | 394807 | 203948078 | 自科库301/301自科库 998排8列3层/ [索取号:TN919.8/G0821] | 在馆 | |
| 2 | 394808 | 203948087 | 自科库301/301自科库 998排8列3层/ [索取号:TN919.8/G0821] | 在馆 |